000 00447nam a2200145Ia 4500
008 100122s9999 xx 000 0 und d
082 _b56499
_a822
100 _aपुरंदरे माधुरी
245 _aन भयं न लज्जा
260 _bराजहंस प्रकाशन
_c1999
300 _a83
630 _aन भयं न लज्जा
730 _aन भयं न लज्जा
942 _cBOOK
999 _c432909
_d432906